ბათუმის შოთა რუსთაველის სახელმწიფო უნივერსიტეტის ბიბლიოთეკა

ქართული სალიტერატურო ენისა და სტილის საკითხები / (ბიბ.ჩანაწერი № 52901)

000 -ლიდერი
ფიქსირებული სიგრძის საკონტროლო ველი 00947nam a2200229Ia 4500
001 - საკონტროლო ნომერი
საკონტროლო ველი 19931
003 - საკონტროლო ნომრის იდენტიფიკატორი
საკონტროლო ველი GE_BSU
005 - ბოლო ოპერაციის თარიღი და დრო
საკონტროლო ველი 20200513225645.0
008 - ფიქსირებული სიგრძის მონაცემთა ელემენტები - ზოგადი ინფორმაცია
ფიქსირებული სიგრძის საკონტროლო ველი 181216s1956||||ge |||||||||||||| ||geo||
040 ## - კატალოგიზაციის წყარო
Transcribing agency GE_BSU
041 ## - ენის კოდი
Language code of text/sound track or separate title geo
080 ## - უნივერსალური ათობითი კლასიფიკაციის ინდექსი
Universal Decimal Classification number 811.353.1 ჭ-83
100 ## - მთავარი ჩანაწერი - პიროვნების სახელი
Personal name ჭუმბურიძე, ზურაბ.
9 (RLIN) 8055
245 ## - ცნობა სათაურის შესახებ
Title ქართული სალიტერატურო ენისა და სტილის საკითხები /
Statement of responsibility, etc ზურაბ ჭუმბურიძე ; რედ. კ. ქილარჯიანი
264 ## - წარმოების, გამოცემის, დისტრიბუციის და სხვა ცნობები
გამოცემის, წარმოების, დისტრიბუციის... ადგილი თბილისი :
გამოცემის, წარმოების, დისტრიბუციის... სახელწოდება სახელგამი,
გამოცემის, წარმოების, დისტრიბუციის... თარიღი 1956.
300 ## - ფიზიკური აღწერა
Extent 182 გვ. ;
Dimensions 20 სმ.
653 ## - INDEX TERM--UNCONTROLLED
Uncontrolled term ქართული ენა
653 ## - INDEX TERM--UNCONTROLLED
Uncontrolled term ქართული სალიტერატურო ენა
700 ## - ADDED ENTRY--PERSONAL NAME
Personal name ქილარჯიანი, კ.
Relator term რედაქტორი
9 (RLIN) 8056
942 ## - ADDED ENTRY ELEMENTS (KOHA)
Koha item type წიგნი
Source of classification or shelving scheme
ეგზემპლარები
ჩამოწერის სტატუსი დაკარგული ეგზემპლარის სტატუსი კლასიფიკაციის წყარო ან თაროზე გაწყობის სქემა დაზიანების სტატუსი არ გაიცემა მუდმივი მდებარეობა (დაცვის ადგილი) ამჟამინდელი ადგილსამყოფელი თაროზე განთავსების ადგილი შეძენის თარიღი ღირებულება, შესყიდვის ნორმალური ფასი სრული შენახვის შიფრი შტრიხკოდი ბოლო ოპერაციის თარიღი ეგზემპლარის მიმდევრობითი ნომერი (კეტერი?) ფასის ძალაში შესვლის თარიღი ეგზემპლარის სახეობა საჯარო შენიშვნა
          ბათუმის შოთა რუსთაველის სახელმწიფო უნივერსიტეტის მთავარი ბიბლიოთეკა ბათუმის შოთა რუსთაველის სახელმწიფო უნივერსიტეტის მთავარი ბიბლიოთეკა წიგნსაცავი 2018-12-17 3.00 811.353.1 ჭ-83 52452 2018-12-17 52452 2018-12-17 წიგნი 3.00 ლ
          ბათუმის შოთა რუსთაველის სახელმწიფო უნივერსიტეტის მთავარი ბიბლიოთეკა ბათუმის შოთა რუსთაველის სახელმწიფო უნივერსიტეტის მთავარი ბიბლიოთეკა წიგნსაცავი 2018-12-17 3.00 811.353.1 ჭ-83 52453 2018-12-17 52453 2018-12-17 წიგნი 3.00 ლ